Les céréales mineures : (Record no. 13616)

000 -LEADER
fixed length control field 00499cam a2200169 a 4500
020 ## - INTERNATIONAL STANDARD BOOK NUMBER
ISBN 929028028X
040 ## - CATALOGING SOURCE
Transcribing agency DLC
082 00 - DEWEY DECIMAL CLASSIFICATION NUMBER
Classification number 641 AGE 1981 A046 Or.
100 1# - MAIN ENTRY--AUTHOR NAME
Personal name Baudet, J. C.
245 14 - TITLE STATEMENT
Title Les céréales mineures :
Remainder of title bibliographie analytique /
260 ## - PUBLICATION, DISTRIBUTION, ETC. (IMPRINT)
Place of publication Paris, France :
Name of publisher Agence de coopération culturelle et technique,
Year of publication c1981.
300 ## - PHYSICAL DESCRIPTION
Number of Pages 134 p. ;
Dimensions 24 cm.
650 #0 - SUBJECT ADDED ENTRY--TOPICAL TERM
Topical Term Cereals as food
650 #0 - SUBJECT ADDED ENTRY--TOPICAL TERM
Topical Term Grain
710 2# - ADDED ENTRY--CORPORATE NAME
Corporate name or jurisdiction name as entry element Agence de coopération culturelle et technique.
942 ## - ADDED ENTRY ELEMENTS (KOHA)
Koha item type សៀវភៅភាសាបារាំង
952 ## - LOCATION AND ITEM INFORMATION (KOHA)
Withdrawn status [LOCAL, KOHA] 0
Holdings
Permanent Location Date acquired Koha item type Lost status Shelving location Barcode Current Location Full call number
Library Block A2017-08-29សៀវភៅភាសាបារាំង A046A20376Library Block A641 AGE 1981 A046 Or.
មជ្ឈមណ្ឌលឯការនៃសាកលវិទ្យាល័យភូមិន្ទកសិកម្មចំការដូង

Powered by Koha